| 000 | 00360nam a2200109 a 4500 | ||
|---|---|---|---|
| 001 | 000008769 | ||
| 005 | 20200929161415.0 | ||
| 008 | 090918s1943 000 spa d | ||
| 245 | 0 | _aBases para los concursos literarios y artísticos que se celebran en conmemoración del primer ... | |
| 260 |
_aCiudad Trujillo, República Dominicana, _c1943. |
||
| 999 |
_c8538 _d8538 |
||
| 040 | _aDO-SdBNP | ||